| 000 | 00824nam a2200241 a 4500 | ||
|---|---|---|---|
| 001 | 42353 | ||
| 003 | BD-RjUL | ||
| 005 | 20211209053529.0 | ||
| 008 | 160612s1964 nju b 001 0 eng | ||
| 035 | _a(BD-RjUL)42471 | ||
| 040 |
_beng _aBD-RjUL _cBD-RjUL |
||
| 041 | 1 | _aeng | |
| 082 |
_223 _a330.81 _bBAS 1964 |
||
| 100 | 1 |
_aBastiat, Frederic. _d1801-1850. _9130268 |
|
| 245 | 1 | 0 |
_aSelected essays on political economy. _cTranslated from the French by Seymour Cain. Edited by George B. de Huszar. |
| 260 |
_aNew Jersey : _bVan Nostrand, _c1964. |
||
| 300 |
_axiv, 352 p. : _c23 cm. |
||
| 500 | _aIncludes index. | ||
| 650 | 0 |
_aEconomics. _9130269 |
|
| 700 | 1 |
_aHuszar, George B. de _q(George Bernard), _d1919-1968, _eed. _9130270 |
|
| 942 |
_2ddc _cBK |
||
| 999 |
_c42353 _d42353 |
||